| 000 | 00000nam 2200000zi 4500 |
| 001 | 9.941054 |
| 003 | CaOODSP |
| 005 | 20240725133019 |
| 006 | m o d f |
| 007 | cr |n||||||||| |
| 008 | 240725t19921992onc o f000 0|eng d |
| 020 | |z0662593677 |
| 040 | |aCaOODSP|beng|erda|cCaOODSP |
| 043 | |an-cn--- |
| 086 | 1 |aCo22-124/1992E-PDF|zCo22-124/1992 |
| 245 | 00|aTelecommunications privacy principles. |
| 264 | 1|a[Ottawa] : |bCommunications Canada, |c[1992] |
| 264 | 4|c©1992 |
| 300 | |a1 online resource (8 pages) |
| 336 | |atext|btxt|2rdacontent |
| 337 | |acomputer|bc|2rdamedia |
| 338 | |aonline resource|bcr|2rdacarrier |
| 500 | |aDigitized edition from print [produced by Innovation, Science and Economic Development Canada]. |
| 500 | |aIssued also in French under title: Principes de protection de la vie privée dans les télécommunications. |
| 650 | 0|aPrivacy, Right of|zCanada. |
| 650 | 0|aTelecommunication|xSocial aspects|zCanada. |
| 710 | 1 |aCanada. |bCommunications Canada, |eissuing body. |
| 775 | 08|tPrincipes de protection de la vie privée dans les télécommunications.|w(CaOODSP)9.941056 |
| 856 | 40|qPDF|s531 KB|uhttps://publications.gc.ca/collections/collection_2024/isde-ised/co22/Co22-124-1992-eng.pdf |